zpět

Detail výsledku týmu

Bounty Rock Cafe, Olomouc

Datum a čas kvízu

28 Celkem bodů Celkový počet nahraných bodů na tomto kvízu bez doplňovacích otázek.
7. Pořadí na kvízu Konečné umístění týmu na tomto kvízu.

Zaznamenané odpovědi

# Otázka Odpověď Body Výsledky
1. Ve čtvrtek se konala inaugurac... Dagmar Havlová 0
2. Hinduisté v Indii a Nepálu osl... Hólí 0
3. Ve středu odstartovala na TV N... Pohlreich / Pohlreichův 1
4. Skupina ČEZ postaví největší a... v Ostravě 0
5. Minulý týden začaly zápasy pře... 1C 2D 3B 4A 1
6. Definicí oblasti Skandinávie j... Modrozubý 0
7. Národní doména České republiky... .se 1
8. Poronkäristys je laponská spec... sobí maso 1
9. Za nejvýznamnějšího norského s... Domeček pro panenky (též Nora) 1
10. Poslední otázka se bude týkat... A 1